<?xml version="1.0" encoding="UTF-8"?>
<record
    xmlns:xsi="http://www.w3.org/2001/XMLSchema-instance"
    xsi:schemaLocation="http://www.loc.gov/MARC21/slim http://www.loc.gov/standards/marcxml/schema/MARC21slim.xsd"
    xmlns="http://www.loc.gov/MARC21/slim">

  <leader>00527    a2200169   4500</leader>
  <datafield tag="999" ind1=" " ind2=" ">
    <subfield code="c">170</subfield>
    <subfield code="d">170</subfield>
  </datafield>
  <controlfield tag="008">210416b           ||||| |||| 00| 0 eng d</controlfield>
  <datafield tag="020" ind1=" " ind2=" ">
    <subfield code="a">9780814434758</subfield>
  </datafield>
  <datafield tag="082" ind1="0" ind2="0">
    <subfield code="a">658.84 </subfield>
    <subfield code="b">B133</subfield>
  </datafield>
  <datafield tag="100" ind1=" " ind2=" ">
    <subfield code="a">Bade, Donna L.</subfield>
    <subfield code="9">4952</subfield>
  </datafield>
  <datafield tag="245" ind1=" " ind2=" ">
    <subfield code="a">Export import procedures documentation /</subfield>
  </datafield>
  <datafield tag="250" ind1=" " ind2=" ">
    <subfield code="a">5th ed.</subfield>
  </datafield>
  <datafield tag="260" ind1=" " ind2=" ">
    <subfield code="a">New York:</subfield>
    <subfield code="b">AMACOM,</subfield>
    <subfield code="c">2015.</subfield>
  </datafield>
  <datafield tag="300" ind1=" " ind2=" ">
    <subfield code="a">xvii, 606 p.</subfield>
  </datafield>
  <datafield tag="504" ind1=" " ind2=" ">
    <subfield code="a">AMACOM : a division of American Management Association, I60I Broadway, New York</subfield>
  </datafield>
  <datafield tag="650" ind1=" " ind2="0">
    <subfield code="a">Exports Management</subfield>
  </datafield>
  <datafield tag="942" ind1=" " ind2=" ">
    <subfield code="2">ddc</subfield>
    <subfield code="c">BK</subfield>
  </datafield>
  <datafield tag="952" ind1=" " ind2=" ">
    <subfield code="0">0</subfield>
    <subfield code="1">0</subfield>
    <subfield code="2">ddc</subfield>
    <subfield code="4">0</subfield>
    <subfield code="6">658_840000000000000_B133</subfield>
    <subfield code="7">0</subfield>
    <subfield code="9">823</subfield>
    <subfield code="a">CL</subfield>
    <subfield code="b">CL</subfield>
    <subfield code="d">2019-09-16</subfield>
    <subfield code="e">Apex Book Services</subfield>
    <subfield code="g">5512.37</subfield>
    <subfield code="l">7</subfield>
    <subfield code="m">3</subfield>
    <subfield code="o">658.84 B133 </subfield>
    <subfield code="p">13383</subfield>
    <subfield code="r">2024-06-12</subfield>
    <subfield code="s">2024-05-07</subfield>
    <subfield code="v">5512.37</subfield>
    <subfield code="y">BK</subfield>
  </datafield>
  <datafield tag="952" ind1=" " ind2=" ">
    <subfield code="0">0</subfield>
    <subfield code="1">0</subfield>
    <subfield code="2">ddc</subfield>
    <subfield code="4">0</subfield>
    <subfield code="6">658_840000000000000_B133</subfield>
    <subfield code="7">0</subfield>
    <subfield code="9">824</subfield>
    <subfield code="a">CL</subfield>
    <subfield code="b">CL</subfield>
    <subfield code="d">2019-09-16</subfield>
    <subfield code="e">Apex Book Services</subfield>
    <subfield code="g">5512.37</subfield>
    <subfield code="o">658.84 B133 </subfield>
    <subfield code="p">13384</subfield>
    <subfield code="r">2019-09-16</subfield>
    <subfield code="v">5512.37</subfield>
    <subfield code="y">BK</subfield>
  </datafield>
  <datafield tag="952" ind1=" " ind2=" ">
    <subfield code="0">0</subfield>
    <subfield code="1">0</subfield>
    <subfield code="2">ddc</subfield>
    <subfield code="4">0</subfield>
    <subfield code="6">658_840000000000000_B133</subfield>
    <subfield code="7">0</subfield>
    <subfield code="9">825</subfield>
    <subfield code="a">CL</subfield>
    <subfield code="b">CL</subfield>
    <subfield code="d">2019-09-16</subfield>
    <subfield code="e">Apex Book Services</subfield>
    <subfield code="g">5512.37</subfield>
    <subfield code="l">2</subfield>
    <subfield code="o">658.84 B133 </subfield>
    <subfield code="p">13385</subfield>
    <subfield code="r">2024-02-16</subfield>
    <subfield code="s">2024-02-02</subfield>
    <subfield code="v">5512.37</subfield>
    <subfield code="y">BK</subfield>
  </datafield>
  <datafield tag="952" ind1=" " ind2=" ">
    <subfield code="0">0</subfield>
    <subfield code="1">0</subfield>
    <subfield code="2">ddc</subfield>
    <subfield code="4">0</subfield>
    <subfield code="6">658_840000000000000_B133</subfield>
    <subfield code="7">0</subfield>
    <subfield code="9">826</subfield>
    <subfield code="a">CL</subfield>
    <subfield code="b">CL</subfield>
    <subfield code="d">2019-09-16</subfield>
    <subfield code="e">Apex Book Services</subfield>
    <subfield code="g">5512.37</subfield>
    <subfield code="l">1</subfield>
    <subfield code="o">658.84 B133 </subfield>
    <subfield code="p">13386</subfield>
    <subfield code="r">2024-02-07</subfield>
    <subfield code="s">2024-01-22</subfield>
    <subfield code="v">5512.37</subfield>
    <subfield code="y">BK</subfield>
  </datafield>
</record>
